Olivia Rodrigo - Singles de ses albums - Statistiques

Statistiques générales
  • Ce quiz a été pris 68 fois
    23 depuis la dernière actualisation
  • Le résultat moyen est 9 sur 10
Statistiques - réponses
Hint Réponse % Correct
you seem pretty sad for a girl so in love Drop Dead
100%
SOUR Good 4 U
95%
SOUR Traitor
95%
GUTS Vampire
95%
SOUR Brutal
90%
SOUR Deja Vu
90%
SOUR Drivers License
90%
GUTS Bad Idea Right?
80%
GUTS Get Him Back!
75%
GUTS Obsessed
70%
Aucun quiz correspondant
Distribution des résultats
% des personnes avec chaque résultat
Percentile par nombre de réponses
Votre historique - résultats
Vous n’avez pas pris ce quiz depuis la dernière actualisation